Normal view MARC view
  • Gupta, Surendra M.

Entry Personal Name

Number of records used in: 1

001 - CONTROL NUMBER

  • control field: 19121

003 - CONTROL NUMBER IDENTIFIER

  • control field: NUST

005 - DATE AND TIME OF LATEST TRANSACTION

  • control field: 20190806060549.0

008 - FIXED-LENGTH DATA ELEMENTS

  • fixed length control field: 190806|| aca||aabn | a|a d

040 ## - CATALOGING SOURCE

  • Original cataloging agency: NUST
  • Transcribing agency: NUST

100 ## - HEADING--PERSONAL NAME

  • Personal name: Gupta, Surendra M.

670 ## - SOURCE DATA FOUND

  • Source citation: Work cat.: (NUST)0: Wang, Hsiao-Fan. 19117, Green supply chain management :, c2011.
© 2023 Central Library, National University of Sciences and Technology. All Rights Reserved.